000 00988nam0a22002411 4500
001 rc\2945681
005 20110827170908.6
035 _a(NLR Aleph) 007093921
090 _a6602077
_c6602077
100 _a20110827d1939 |||y0rusy50 ca
101 0 _arus
102 _aRU
105 _ay z |||||
200 1 _aПодготовка почвы, удобрения, посев и посадка махорки
_e(Памятка махорковода)
210 _a[Усмань]
_cБ. и.
_d1939
215 _aТит. л., 32 с., включ 2 с. обл.
_d15 см
225 1 _aДрязгинская опытная станция
_fВсесоюз. науч.-исслед. ин-т табач. и махор. пром-сти им. А.И. Микояна "ВИТИМ"
_vВып. № 2
700 1 _aПетрушинин
_bК. В.
_gКонстантин Васильевич
801 0 _aRU
_bNLR
_gpsbo
801 1 _aRU
_bELAR
_2rusmarc
852 _aNLR
_j39-16/22(2)
942 _cBOOK
980 _aNB